[Event "CHN-RUS Summit Men 1st"]
[Site "Shanghai"]
[Date "2001.09.08"]
[Round "2"]
[White "Khalifman, Alexander"]
[Black "Xu, Jun"]
[Result "1-0"]
[WhiteElo "2700"]
[BlackElo "2646"]
[Annotator "Tyomkin,D"]
[PlyCount "87"]
[EventDate "2001.09.07"]
[EventType "schev"]
[EventRounds "6"]
[EventCountry "CHN"]
[SourceTitle "CBM 085"]
[Source "ChessBase"]
[SourceDate "2001.11.13"]
[SourceVersion "1"]
[SourceVersionDate "2001.11.13"]
[SourceQuality "1"]

1. e4 c5 2. Nf3 d6 3. d4 cxd4 4. Nxd4 Nf6 5. Nc3 Nc6 6. Bg5 e6 7. Qd2 a6 8.
O-O-O h6 9. Nxc6 bxc6 10. Bf4 d5 11. Qe3 Be7 12. Be2 Nd7 13. h4 (13. exd5 {
Tyomkin,D} cxd5 14. Rhe1 O-O 15. g4 Bb7 16. Rg1 Re8 $1 {Intending e6-e5.} (
16... Bg5 {Tyomkin,D} 17. Bxg5 Qxg5 18. f4 Qh4 19. g5 $13 {But whites attack
on the kingside looks dangerous.}) 17. g5 hxg5 (17... e5 {Tyomkin,D} 18. gxh6
$1) 18. Bxg5 Bxg5 19. Rxg5 Qf6 20. Rdg1 g6 {0-1 Montell Lorenzo,J-Tyomkin,D/
Salou 2000/CBM 80/[Tyomkin,D] (34) g6-point is a key square now. Black can
protect it by Nf8 and Kg7, and probably in time.}) 13... Qb6 $146 {That's a
new move but black doesn't solve opening problems of this line by 13...Qb6;
For some reason, Xu Jun went to the line which known as dubious for black up
to modern theory, and he didn't show any improvement...} ({Very important game
was played after another principal reply of black:} 13... Qa5 14. Qg3 Ra7 15.
Qxg7 Bf6 16. Qg3 d4 17. e5 $1 dxc3 18. exf6 Qb4 19. bxc3 Qa3+ 20. Kd2 Nxf6 21.
Qg7 $1 Ne4+ 22. Ke1 Qxc3+ 23. Qxc3 Nxc3 24. Be5 $18 {1-0 Nataf,I-Cao,S/Ohrid
MKD 2001/The Week in Chess 345 (44)}) (13... e5 14. Bxe5 Nxe5 15. exd5 Qc7 16.
f4 $16 {[%cal Gd5d6]}) (13... O-O $5 {[%cal Re6e5]} 14. Rh3 $1 $40 {[%cal
Rf4h6]} (14. Bxh6 gxh6 15. Qxh6 Bf6 {[%cal Gf6g7,Yd8f6]}) (14. Qg3 Kh8 $13))
14. Qg3 d4 $2 {Black's position was already unpleasant, but after d5-d4 white
got c4 square for the knight. Black is not able to prevent all white's threats
now;} ({Probably more resistant was:} 14... g6 15. h5 g5 16. Bc7 Qb7 17. Bd6
$14 {Black doesn't have safe place anywhere on the board;}) 15. Nb1 {[%csl Yd6,
Rg7][%cal Gb1d2,Gd2c4]} Qa5 (15... g6 16. h5 g5 17. Bc7 $16 {[%cal Gb1d2,Gd2c4,
Yc4d6]}) (15... c5 16. Nd2 $16 {[%cal Gd2c4]}) 16. Rxd4 e5 $2 {After his last
move black gets losing position by different ways;} (16... Qxa2 17. b3 {
[%cal Rd4a4]} Qa5 18. Ra4 $16 {[%cal Rg3g7]}) 17. Bd2 {Khalifman choses the
way to get position with up a pawn for him; There was possibility for white at
this point and on next move as well, to sacrifice exchange on d7 and then to
take couple of pawns:} (17. Rxd7 Bxd7 18. Qxg7 Rf8 19. Bxh6 $18) 17... Qb6 (
17... Qxa2 18. Bc4 Qa1 19. Qxg7 Rf8 20. Rd3 $18) 18. Rc4 {Again Khalifman
doesn't sacrifice on d7, although it looks better than the game;} (18. Rxd7
Bxd7 19. Qxg7 Rf8 20. Be3 $18 {[%csl Re5,Rh6]}) 18... Rb8 19. b3 Bf6 20. Rb4
Qc7 21. Rxb8 Qxb8 22. Qc3 c5 23. Be3 O-O 24. g4 $1 {White doesn't miss the way
to create direct attack on black king after castle;} (24. Bxc5 Nxc5 25. Qxc5
Bb7 {[%cal Gf8c8] black gets some counterplay in this case;}) 24... Be7 25. g5
hxg5 26. hxg5 Qd6 27. Bd2 {Clearing pass for white queen to the kingside;
There was another way for white with the same idea:} (27. Bf4 $5 Nb6 (27...
exf4 28. Qh3 {[%csl Rh7,Rh8]}) 28. Bxe5 Bxg5+ 29. Kb2 Qxe5 30. Qxe5 Bf6 31.
Qxf6 $18) 27... Nb6 28. a4 c4 29. a5 cxb3 30. Qxb3 $1 {White doesn't give
black any counterchances;} (30. axb6 $143 bxc2 {black has some practical
chances here;}) 30... Na8 31. Qg3 {[%cal Gg3h2]} Qg6 32. Qh2 f5 33. Qh8+ $2 {
Here Khalifman missed a way to finish the game at once:} (33. gxf6 $1 Qxf6 {
Other captures are even worse;} 34. Qh7+ Kf7 35. Rh6 $18 {winning the black
queen at least;}) 33... Kf7 34. Bh5 Rxh8 35. Bxg6+ Kxg6 36. Rxh8 {The exchange
and the pawn up for white in this endgame was good reason for black to give up
right now, but probably there was some time trouble;} Bb7 37. exf5+ Kxf5 38.
Rg8 Kg6 39. Re8 Kf7 40. Rb8 Bf3 41. Be3 {[%cal Gb1d2]} Nc7 42. Nd2 Bg2 43. Rb6
Nd5 44. g6+ {[%cal Gb6a6]} 1-0

[Event "Dos Hermanas-A"]
[Site "Dos Hermanas"]
[Date "2003.03.28"]
[Round "1"]
[White "Khalifman, Alexander"]
[Black "Tiviakov, Sergei"]
[Result "1-0"]
[WhiteElo "2702"]
[BlackElo "2635"]
[Annotator "Golod,V"]
[PlyCount "101"]
[EventDate "2003.03.28"]
[EventType "tourn"]
[EventRounds "9"]
[EventCountry "ESP"]
[EventCategory "16"]
[SourceTitle "CBM 095"]
[Source "ChessBase"]
[SourceDate "2003.07.25"]
[SourceVersion "1"]
[SourceVersionDate "2003.07.25"]
[SourceQuality "1"]

1. d4 {Ftacnik} Nf6 2. c4 e6 3. Nc3 Bb4 4. Qc2 O-O 5. a3 Bxc3+ 6. Qxc3 b6 7.
Bg5 Ba6 8. Qf3 {After my games against Lev Psakhis 1999 and Judit Polgar 2000
this idea became very popular. Probably, white can not expect a big advantage
in this variation.} Nc6 9. e3 h6 10. Bh4 Bb7 11. Qd1 {White's queen has
finished the travel and has returned on the "d1".} d6 12. Ne2 {[%cal Ye2c3]} ({
After:} 12. Nf3 $6 Nb8 {(/\Nbd7,c5) Black receive a convenient game.}) 12...
Nb8 $6 ({In my opinion,it was better:} 12... g5 $5 13. Bg3 $140 Ne4 {[%csl Rg3]
[%cal Ge4g3] You can see comments to Stohl,I-Rozentalis,E/Germany,2001/CBM 87
(1/2-1/2)(Golod,V)(29)}) (12... Ne7 {Ftacnik} 13. Bxf6 gxf6 14. Nc3 c5 15. b4
$14) 13. Nc3 Nbd7 14. Bd3 ({Also good enough:} 14. d5 $5 {with obvious
positional advantage of white.}) 14... c5 (14... Bxg2 {Ftacnik} 15. Rg1 Bb7 16.
Ne4 Kh8 17. b4 $44) 15. O-O Qe7 ({The main Black's idea in structures of this
type:} 15... cxd4 16. exd4 d5 {is pleased is bad,because of:} 17. cxd5 exd5 18.
Qf3 {[%cal Gf1e1]}) ({It deserves attention:} 15... a6 {/\Qc7}) (15... Qc7 {
Ftacnik} 16. b4 $14) 16. Rc1 $5 $146 ({Were checked in the preceding game:} 16.
Re1 Rfe8 17. d5 $5 Ne5 18. Bf1 Ba6 19. Qa4 (19. b3 $5) 19... Bb7 20. Qd1 Ba6
21. b3 $14 {Erdos,V-Schenk,A/Pula,2003(1/2-1/2)(27)}) 16... Rfc8 $6 ({I do not
think,that it was much better:} 16... Rfe8) ({or} 16... Rfd8) ({Can be
recommended:} 16... Rac8) 17. Re1 $14 {[%csl Gc1,Gc3,Gd1,Gd3,Ge1,Gh4] All
White's pieces are located ideally.} a6 {[%csl Ya6][%cal Ya6b5] Black don't
have any clear plan,they wait and prepare for active actions on the part of
White.} 18. b4 {()} Rc7 19. bxc5 $1 bxc5 ({Hardly is better:} 19... dxc5 {
'!?' Ftacnik.} 20. d5 {[%csl Gc4,Gd5,Ge3][%cal Ge3e4]} (20. Qb3 {Ftacnik} Rd8
21. Red1 cxd4 22. exd4 Rcc8 23. Rc2 $14) 20... exd5 {Ftacnik} (20... Qd6 {
Ftacnik} 21. Bg3 Ne5 22. e4 exd5 23. Nxd5 Bxd5 24. exd5 Re7 25. Qa4 $14) (20...
exd5 21. cxd5 (21. Nxd5 Bxd5 22. cxd5 Qd6 23. e4 Ne5 24. Bb1 g5 25. Bg3 b5 $14)
21... Qd6 22. Bg3 Ne5 23. e4 c4 24. Be2 g5 25. Qd4 $16) 21. cxd5 (21. Nxd5 Bxd5
22. cxd5 Qd6 23. e4 Ne5 24. Bb1 g5 25. Bg3 b5 $14) 21... Qd6 22. Bg3 Ne5 23. e4
c4 24. Be2 g5 25. Qd4 $16) 20. d5 {Now,after exchange of the pawns "b", Black
are deprived a counterplay: "b5". Ftacnik: 'Khalifman is enjoying a bishop's
pair and very favourable solution of the central problems.'} Ne5 (20... exd5 {
Ftacnik} 21. Nxd5 Bxd5 22. cxd5 Ne5 (22... g5 23. Bg3 Nxd5 $2 24. Bc4 $18) 23.
Bf5 $14) 21. f4 {[%mdl 32]} (21. Bf1 $143 Ng6) 21... Ned7 $6 (21... Nxd3 $142
22. Qxd3 Re8 $14) 22. Bc2 Qf8 23. Rb1 {[%cal Gb1b7] The game of White
corresponds to the requirements of a position.} Rb8 24. Qd3 exd5 25. cxd5 Ba8 (
{Pretty dubiously:} 25... c4 26. Qd4 {[%csl Rc4]}) 26. e4 $16 {[%cal Ge4e5]
Whites makes this move in the most suitable moment.} Rxb1 27. Bxb1 {[%csl Ra6]
[%cal Ge4e5]} c4 28. Qd4 {[%csl Yd5,Ye4,Yf4][%cal Ge4e5] It is impossible to
avoid approach of the White's pawns.} Qb8 (28... Nh5 $5) 29. e5 Ne8 30. Bf5 {
[%csl Gf5,Yh4][%cal Gf5d7,Yh4d8] Black takes under control two important
diagonals. Ftacnik: 'The difference in the activity of white and black pieces
is becoming enormous.'} Qb6 $6 ({More stubborn resistance after:} 30... Nf8)
31. Qxb6 $1 Nxb6 $140 32. Bd8 Rb7 33. e6 Rb8 ({Loses right away:} 33... fxe6
34. Bxe6+ Kf8 35. Rb1 $18 {[%csl Rb6][%cal Yc3b1,Gb1b6,Gd8b6]}) 34. Bxb6 (34.
Bh7+ $1 {Ftacnik} Kxh7 (34... Kf8 35. e7#) 35. exf7 Nxd5 (35... Nf6 36. f8=Q
Nbd7 37. Qe7) 36. fxe8=Q Nxc3 37. f5 $18) 34... Rxb6 35. e7 {[%cal Gf5d7] '?'
Ftacnik. Ftacnik: 'The former FIDE world champion has done everything in
exemplary manner, but in this phase the tactical acumen has badly failed him.
The proud e pawn could have immediatelly made a home run into queen.'} (35.
Bh7+ $1 {Ftacnik} Kxh7 36. exf7 $18) 35... Rb7 {[%cal Yb7d7]} (35... Rb8 $143
36. Bd7 f6 37. Be6+ Kh8 38. Re4 {[%csl Rc4]}) 36. Bc8 {[%csl Ra6,Re8][%cal
Gc8d7]} Ra7 37. f5 g6 38. f6 $1 Kh7 39. h4 h5 {Differently after 40.g4 and 41.
g5 Black will be in a complete clip.} 40. Be6 Kg8 (40... fxe6 $2 41. f7 Rxe7
42. f8=Q) 41. Bc8 {Sometimes it is desirable to repeat the moves.} Kh7 42. Kf2
g5 43. hxg5 Kg6 44. Kf3 Kxg5 45. Ne4+ Kh6 46. g4 $1 {The accuracy is necessary
up to the end. Ftacnik: 'The black king is in mating net and his pieces are
extremely passive.'} Bxd5 $140 47. Kf4 Kh7 48. Bf5+ Kg8 49. Nxd6 Bc6 50. Nxe8
Bxe8 51. Rd1 {[%csl Re8][%cal Gd1d8] Good achievement of Alexander Khalifman!}
1-0